| 000 | 00450cam a2200193ua 4500 | ||
|---|---|---|---|
| 001 | 19287 | ||
| 008 | 151216n2012 II |||gr||||Z||||||eng | ||
| 040 | _aMAIN | ||
| 041 | _aEnglish | ||
| 082 | _a547 SIN | ||
| 100 | _aSINGH, JAGADAMBA. | ||
| 245 | _aADVANCED ORGANIC CHEMISTRY | ||
| 250 | _a8TH. | ||
| 260 |
_aMEERUT _bPRAGATI PRAKASHAN _c2012 |
||
| 300 |
_a778: _c24CM. |
||
| 653 | _aOrganic chemistry | ||
| 700 | _aYADAV, L.D.S. | ||
| 942 | _cBK | ||
| 999 |
_c19149 _d19149 |
||